Discursos y declaraciones : V. 1 : 1959-1964 /

Сохранить в:
Библиографические подробности
Соавтор: México. Secretario de Hacienda y Crédito Público. 1958-1964 (Ortiz Mena)
Другие авторы: Ortiz Mena, Antonio (autor) (autor)
Формат:
Язык:испанский
Опубликовано: México : Secretaría de Hacienda y Crédito Público, fecha no identificada
Метки: Добавить метку
Нет меток, Требуется 1-ая метка записи!

MARC

LEADER 00000nam^a2200000^a^4500
001 000429226
005 20250526000000.0
009 20260310122854.195
037 |a Acervo ITESO - Biblioteca 
041 |a ESP 
091 |a FHM. 04371 
110 |a México.  |b Secretario de Hacienda y Crédito Público. 1958-1964 (Ortiz Mena) 
245 1 0 |a Discursos y declaraciones :  |b V. 1 : 1959-1964 / 
264 1 |a México :  |b Secretaría de Hacienda y Crédito Público,  |c fecha no identificada 
300 |a 442 p. ;  |c 23.5 cm. 
336 |a texto  |b txt  |2 rdacontenido 
337 |a sin mediación  |b n  |2 rdamedio 
338 |a volumen  |b nc  |2 rdasoporte 
649 |a XX 
700 |a Ortiz Mena, Antonio  |e (autor) 
910 |a Fondo Hugo B. Margáin 
920 |a Impresos - Libros 
930 |a Libros Antiguos y Raros 
905 |a 126 
901 |a 0500302435  |b IT2  |c LRA  |i D115780  |u 20250526 
902 |a https://opac.biblio.iteso.mx/vufind/Record/000429226